ישובי עמק חפר - Statistics

General Stats
  • This quiz has been taken 8 times
  • The average score is 21 of 41
Answer Stats
Hint Answer % Correct
1 אחיטוב
100%
1 אמץ
100%
1 בחן
100%
1 בת חפר
100%
1 גבעת חיים איחוד
100%
1 גבעת חיים מאוחד
100%
1 יד חנה
100%
1 בית ינאי
83%
1 גן יאשיה
83%
1 עין החורש
83%
1 בארותיים
67%
1 גאולי תימן
67%
1 חגלה
67%
1 כפר ויתקין
67%
1 מכמורת
67%
1 אביחיל
50%
1 אלישיב
50%
1 המעפיל
50%
1 חיבת ציון
50%
1 חניאל
50%
1 חרב לאת
50%
1 כפר הרא"ה
50%
1 מעברות
50%
1 משמר השרון
50%
1 ביתן אהרון
33%
1 בת חן
33%
1 העוגן
33%
1 חבצלת השרון
33%
1 כפר חיים
33%
1 כפר ידידיה
33%
1 עולש
33%
1 בורגתא
17%
1 בית חרות
17%
1 בית יצחק שער חפר
17%
1 הדר עם
17%
1 חופית
17%
1 כפר מונאש
17%
1 צוקי ים
17%
1 שושנת העמקים
17%
1 בית הלוי
0%
1 גבעת שפירא
0%
No matching quizzes found
Score Distribution
Percent of People with Each Score
Percentile by Number Answered
Your Score History
You have not taken this quiz